[Event "Mumbai Accurate op"]
[Site "Mumbai"]
[Date "2023.09.30"]
[Round "2"]
[White "Sumedh, Sandeep Kamble"]
[Black "Gada, Om"]
[Result "0-1"]
[WhiteElo "1113"]
[BlackElo "1619"]
[PlyCount "74"]
[EventDate "2023.09.29"]
[EventType "swiss"]
[EventRounds "7"]
[EventCountry "IND"]
[SourceTitle "CBM 216 Extra"]
[Source "ChessBase"]
[SourceDate "2023.11.30"]
[SourceVersion "1"]
[SourceVersionDate "2023.11.30"]
[SourceQuality "1"]

1. e4 c5 2. Nf3 Nc6 3. d4 cxd4 4. Nxd4 g6 5. Nc3 Bg7 6. Be3 Nf6 7. Bc4 0-0 8. Bb3 Re8 9. 0-0 d6 10. h3 Na5 11. f4 Nxb3 12. Nxb3 b6 13. Nd4 Bb7 14. e5 Nd5 15. Nxd5 dxe5 16. fxe5 Qxd5 17. Qe2 Bxe5 18. c3 Rad8 19. Rfd1 Qe4 20. Qf2 Bf6 21. Rd2 Bh4 22. Qe2 e5 23. Nf3 Ba6 24. Qxa6 Qxe3+ 25. Kh2 Rxd2 26. Nxd2 Qxd2 27. Qb5 Qf4+ 28. Kg1 Rd8 29. Rf1 Qe3+ 30. Kh2 Bg3+ 31. Kh1 Qd3 32. Qxd3 Rxd3 33. Rc1 e4 34. Kg1 e3 35. Kf1 Rd2 36. Re1 e2+ 37. Kg1 Bxe1 0-1